000 00578nam a22002057a 4500
003 koha_MIRAKIL
005 20231213100130.0
008 231213b |||||||| |||| 00| 0 ||| d
020 _b979-9-75263426-7
040 _aTR-IsEVY
_btur
_cTR-IsEVY
082 _a792 KIM/İ
100 _aKimpton, Diana.
245 0 _aİnanılmaz özel efektler
250 _a5. bs.
260 _bTimaş Yayınları,
_c2013
300 _a144 s.
650 _aÖzel efektler (Televizyon) bkz. Özel Olaylar.
650 _aSpecial effects (Television) see Special events.
942 _2ddc
_cBK
999 _c15031
_d15031